000 00606nam a2200241Ia 4500
003 OSt
005 20220918201518.0
006 a|||||r|||| 00| 0
007 ta
008 220917b |||||||| |||| 00| 0 eng d
024 _a94,489
037 _cTextual
040 _aARTS
_cARTS
_beng
041 _2eng
_aeng
082 _aV1(Y:4).N7, L6
100 _aSachs I
_999188
245 0 _aDiscovery of the third world
260 _aCambridge
_bMIT
_c1976
300 _axi, 287p.
_ccm.
650 _aHISTORY
942 _hV1(Y:4).N7, L6
_cTEXL
_2CC
999 _c218114
_d218114